00302cam a22000977a 4500008004000000082001600040100002000056245009700076260002100173300001000194180718b1983 xxu||||| |||| 00| 0 eng d aT19x54 Sr32 aSri Krishna, S. aPrime minister shrimati indira gandhi- : a study of her 20-point progrmmecby S. Sri Krishna aTirupatibc1983 a383p.